01031nam a2200253 i 450000100060000000300090000600500170001500700030003200800410003502000180007608000320009410000420012624500810016826000530024930000220030249000590032450400330038360000740041671000500049083000760054085200220061699900170063895201220065513576ES-MaACL20250728030700.0t|980519s1991 sp ||||1| spa d a84-86314-72-0 a860 Unamuno, Miguel de 2.061 aLloréns García, Ramón F.97289014aLos libros de viajes de Miguel de Unamuno / cRamón F. Lloréns García. aAlicante : bCaja de Ahorros Provincial, c1991. a132 p. ; c22 cm.1 aPublicaciones de la Caja de Ahorros Provincial ; v158 aBibliografía : p. 107-126.14aUnamuno, Miguel de,d1864-1936-xCrítica e interpretación91119842 aCaja de Ahorros Provincial de Alicante.9228010aPublicaciones de la Caja de Ahorros Provincial de Alicantev1589186986 aES-MaACLjL-20909 c13576d13576 00104070aATENEOMbATENEOMcDEPO2d2008-01-17eSCl0oL-20909p1013820r2023-02-23 00:00:00w2023-02-23yMONOGRAFIA